Danish-O-Deen (Record no. 636)

MARC details
000 -LEADER
fixed length control field 00434nam a2200169 a 4500
082 00 - DEWEY DECIMAL CLASSIFICATION NUMBER
Classification number 234.2
Author Cutter ELD
100 ## - MAIN ENTRY--AUTHOR NAME
Author name Elder, John
245 ## - TITLE STATEMENT
Title Danish-O-Deen
260 ## - PUBLICATION, DISTRIBUTION, ETC. (IMPRINT)
Place of publication Tehran
Name of publisher Faroos Press
Year of publication 1941
300 ## - PHYSICAL DESCRIPTION
Number of Pages 132
500 ## - GENERAL NOTE
General note includes index and biblioraphy
505 2# - FORMATTED CONTENTS NOTE
Formatted contents note Aramaic Approach to the Four Gospels By Archdeacon Barkat Ullah
650 ## - SUBJECT ADDED ENTRY--TOPICAL TERM
Topical Term Religion and Reason
942 ## - ADDED ENTRY ELEMENTS (KOHA)
Koha item type General Stack Book
700 1# -
-- Elder, John
Holdings
Home library Current library Date acquired Cost, normal purchase price Full call number Accession Number Koha item type
Henry Martyn Institute Library Henry Martyn Institute Library 05/24/2005 50.00 234.2 ELD 4689 Archive Book
Henry Martyn Institute Library Henry Martyn Institute Library 04/23/2018 50.00 234.2 ELD 4983 Books
                   Copyright © 2026 | Henry Martyn Institute | Hyderabad | TS-500052 | INDIA | Implemented by hmi.edu.in
Hit-Count:

Powered by Koha